000 00367nam a2200145 i 4500
001 bg
100 1 _aKOTYSZ-MARCZAK, S.
245 0 _aDydaktyka w kształceniu zawodowym inżynierów /
_cS. Kotysz-Marczak, Z. Sroga.
260 _aOpole,
_c1985.
700 1 _aSROGA, Z.
040 _cBPK
041 _apol
942 _cKS
008 s pl f |000 0 pol
999 _c3559
_d3559
856 _uhttp://koha.tu.koszalin.pl/cgi-bin/koha/opac-detail.pl?biblionumber=3559
_yKatalog online BPK